<?xml version="1.0" encoding="UTF-8"?>
<collection xmlns="http://www.loc.gov/MARC21/slim">
 <record>
  <leader>00852pamaa2200217   4500</leader>
  <controlfield tag="001">0000042539</controlfield>
  <controlfield tag="005">20121212090000.0</controlfield>
  <controlfield tag="008">070821                             eng  </controlfield>
  <datafield tag="020" ind1="0" ind2="0">
   <subfield code="a">0443102309 (pbk.) </subfield>
  </datafield>
  <datafield tag="090" ind1="0" ind2="0">
   <subfield code="a">RT51 </subfield>
   <subfield code="b">EVI 2007</subfield>
  </datafield>
  <datafield tag="245" ind1="1" ind2="4">
   <subfield code="a">The evidence-based practice manual for nurses  </subfield>
   <subfield code="c">edited by Jean V. Craig, Rosalind L. Smyth; </subfield>
   <subfield code="f">forewords by Christine Beasley and Sarah Mullally.</subfield>
  </datafield>
  <datafield tag="250" ind1="0" ind2="0">
   <subfield code="a">2nd ed..</subfield>
  </datafield>
  <datafield tag="260" ind1="0" ind2="0">
   <subfield code="a">Edinburgh ; New York: </subfield>
   <subfield code="b">Churchill Livingstone, </subfield>
   <subfield code="c">2007.</subfield>
  </datafield>
  <datafield tag="300" ind1=" " ind2=" ">
   <subfield code="a">xviii, 363 p.: </subfield>
   <subfield code="b">ill.; </subfield>
   <subfield code="c">22 cm.</subfield>
  </datafield>
  <datafield tag="501" ind1="0" ind2="0">
   <subfield code="a">SAH</subfield>
  </datafield>
  <datafield tag="504" ind1="0" ind2="0">
   <subfield code="a">Includes bibliographical references and index</subfield>
  </datafield>
  <datafield tag="650" ind1="0" ind2="0">
   <subfield code="a">Evidence-based nursing -- </subfield>
   <subfield code="x">Handbooks, manuals, etc. </subfield>
  </datafield>
  <datafield tag="650" ind1="0" ind2="0">
   <subfield code="a">Evidence-Based Medicine -- </subfield>
   <subfield code="x">methods -- </subfield>
   <subfield code="x">Nurses'Instruction </subfield>
  </datafield>
  <datafield tag="700" ind1="1" ind2="1">
   <subfield code="a">Craig, </subfield>
   <subfield code="h">Jean V. </subfield>
  </datafield>
  <datafield tag="700" ind1="1" ind2="1">
   <subfield code="a">Smyth, </subfield>
   <subfield code="h">Rosalind L. </subfield>
  </datafield>
  <datafield tag="901" ind1=" " ind2=" ">
   <subfield code="u">http://www.elsevierhealth.com</subfield>
  </datafield>
 </record>
</collection>
